<?xml version="1.0" encoding="UTF-8"?><?xml-stylesheet type="text/xsl" href="static/style.xsl"?><OAI-PMH xmlns="http://www.openarchives.org/OAI/2.0/" xmlns:xsi="http://www.w3.org/2001/XMLSchema-instance" xsi:schemaLocation="http://www.openarchives.org/OAI/2.0/ http://www.openarchives.org/OAI/2.0/OAI-PMH.xsd"><responseDate>2026-06-07T17:25:16Z</responseDate><request verb="GetRecord" identifier="oai:docta.ucm.es:20.500.14352/109020" metadataPrefix="marc">https://docta.ucm.es/rest/oai/request</request><GetRecord><record><header><identifier>oai:docta.ucm.es:20.500.14352/109020</identifier><datestamp>2025-03-18T14:32:21Z</datestamp><setSpec>com_20.500.14352_14</setSpec><setSpec>col_20.500.14352_15</setSpec></header><metadata><record xmlns="http://www.loc.gov/MARC21/slim" xmlns:dcterms="http://purl.org/dc/terms/" xmlns:xsi="http://www.w3.org/2001/XMLSchema-instance" xmlns:doc="http://www.lyncode.com/xoai" xsi:schemaLocation="http://www.loc.gov/MARC21/slim http://www.loc.gov/standards/marcxml/schema/MARC21slim.xsd">
   <leader>00925njm 22002777a 4500</leader>
   <datafield ind2=" " ind1=" " tag="042">
      <subfield code="a">dc</subfield>
   </datafield>
   <datafield ind2=" " ind1=" " tag="720">
      <subfield code="a">Herrán Aguirre, Alejandro</subfield>
      <subfield code="e">author</subfield>
   </datafield>
   <datafield ind2=" " ind1=" " tag="720">
      <subfield code="a">Zuart Garduño, Alberto Nahun</subfield>
      <subfield code="e">author</subfield>
   </datafield>
   <datafield ind2=" " ind1=" " tag="260">
      <subfield code="c">2021-09-01</subfield>
   </datafield>
   <datafield ind2=" " ind1=" " tag="520">
      <subfield code="a">Este artículo ofrece una aproximación a la comprensión de las lla-madas crisis “de confianza” y “de satisfacción” del Sistema Democrá-tico Representativo en México; partiendo del establecimiento doctrinal y  empírico  del  Sistema  Representativo  Democrático  en  el  contexto internacional y en México, se estudia la creciente desafección por las instituciones políticas y el nivel de satisfacción expresada por las perso-nas en momentos dignos de atención para la democracia mexicana: el primer proceso electoral federal con la alternancia partidista presidencial, año 2000; la elección del regreso a la continuidad y la consolidación del pluralismo político, año 2012; y la nueva posalternancia, 2018. Se usan datos estadísticos, teóricos y sociales de las encuestas que en México preguntan sobre el grado de satisfacción con la democracia como sistema representativo, hasta qué punto los ciudadanos le tienen más o menos confianza a instituciones públicas y privadas, y cómo han evolucionado estos  sentimientos.  Los  datos  disponibles  evidencian  que  el  Sistema Democrático Representativo mexicano sufre una crisis de confianza y de satisfacción y que tiene importantes retos por delante. Proponemos una defensa de la representación institucional con correcciones que pueda hacerla más cercana, sensible y eficiente.</subfield>
   </datafield>
   <datafield ind2=" " ind1=" " tag="520">
      <subfield code="a">This article offers an approximation to the understanding of the so-called “confidence” and “satisfaction” crises of the Representative Democratic System in Mexico; Starting from the doctrinal and empirical establishment of the Democratic Representative System in the international context and in Mexico, the growing disaffection for political institutions and the level of satisfaction expressed by people in key moments of the Mexican democracy is studied: the first federal electoral process with the presidential party alternation, year 2000; the choice of the return to continuity and the consolidation of political pluralism, year 2012; and, the new post-alternation 2018. Statistical, theoretical and social data are used from surveys in Mexico that ask about the degree of satisfaction with democracy as a representative system, to what extent citizens have more or less trust in public and private institutions, and how these feelings have evolved. The available data show that the Mexican Representative Democratic System is suffering a crisis of confidence and satisfaction and that it has important challenges ahead. We propose a defense of institutional representation with corrections that can make it closer to the people, more sensitive and efficient.</subfield>
   </datafield>
   <datafield ind1="8" ind2=" " tag="024">
      <subfield code="a">Zuart Garduño, A. N., &amp; Herrán Aguirre, A. F. (2022). México, una democracia en crisis de confianza y satisfacción, años 2000 - 2018. Investigación &amp;Amp; Desarrollo, 29(2), 12–38. https://doi.org/10.14482/INDES.29.2.321.8</subfield>
   </datafield>
   <datafield ind1="8" ind2=" " tag="024">
      <subfield code="a">0121-3261</subfield>
   </datafield>
   <datafield ind1="8" ind2=" " tag="024">
      <subfield code="a">10.14482/indes.29.2.321.8</subfield>
   </datafield>
   <datafield ind1="8" ind2=" " tag="024">
      <subfield code="a">https://hdl.handle.net/20.500.14352/109020</subfield>
   </datafield>
   <datafield ind1="8" ind2=" " tag="024">
      <subfield code="a">2011-7574</subfield>
   </datafield>
   <datafield ind1="8" ind2=" " tag="024">
      <subfield code="a">https://doi.org/10.14482/INDES.29.2.321.8</subfield>
   </datafield>
   <datafield ind1="8" ind2=" " tag="024">
      <subfield code="a">https://rcientificas.uninorte.edu.co/index.php/investigacion/article/view/13856</subfield>
   </datafield>
   <datafield ind2="0" ind1="0" tag="245">
      <subfield code="a">México, una democracia en crisis de confianza y satisfacción, años 2000 - 2018</subfield>
   </datafield>
</record></metadata></record></GetRecord></OAI-PMH>